"Rendezni végre közös dolgainkat.

Elmentve itt :
Bibliográfiai részletek
Szerző: POMOGÁTS Béla
Adatforrás:Meister
Forrásdokumentuma:A Hét. -
11 sz., 1998, 3-4 p.
Nyelv:magyar
Kulcsszavak:politikatörténet
politikai analízis
politikai intézmények
magyar-román kapcsolatok
magyarok (romániai)
románok
román társadalom
etnokrácia
európai integráció
kisebbségi kérdés
Románia
ILIESCU Ion
CEAUSESCU Nicolae
MANIU Iuliu
Kereszténydemokrata Nemzeti Parasztpárt (PNTCD)
Demokrata Párt (PD)
RMDSZ-Romániai Magyar Demokrata Szövetség
LEADER 00928nab a2200313 i 4500
001 bibPRO00007400
008 060524s1998 xx hun
040 |a Sz1 
041 |a hun 
100 1 |a POMOGÁTS Béla 
245 1 1 |a "Rendezni végre közös dolgainkat.  |c POMOGÁTS Béla 
695 |a politikatörténet 
695 |a politikai analízis 
695 |a politikai intézmények 
695 |a magyar-román kapcsolatok 
695 |a magyarok (romániai) 
695 |a románok 
695 |a román társadalom 
695 |a etnokrácia 
695 |a európai integráció 
695 |a kisebbségi kérdés 
695 |a Románia 
695 |a ILIESCU Ion 
695 |a CEAUSESCU Nicolae 
695 |a MANIU Iuliu 
695 |a Kereszténydemokrata Nemzeti Parasztpárt (PNTCD) 
695 |a Demokrata Párt (PD) 
695 |a RMDSZ-Romániai Magyar Demokrata Szövetség 
773 0 |t A Hét. -  |g 11 sz., 1998, 3-4 p.